Nommez un représentant de chaque espèce - Harry Potter - Statistiques

Statistiques générales
  • Ce quiz a été pris 55 fois
  • Le résultat moyen est 10 sur 12
Statistiques - réponses
Hint Réponse % Correct
Elfe de maison Dobby | Winky | Kreattur | Hokey
100%
Sorcier-e Harry | Ron | Hermione ...
100%
Moldu-e les Dursley | les Jedusor
98%
Loup-Garou Remus Lupin | Fenrir Greyback
98%
Fantôme Binns | Nick Quasi-Sans-Tête | Dame Grise | Baron Sanglant | Moine Gras | Mimi Geignarde
96%
Demi-géant-e Rubeus Hagrid | Olympe Maxime
90%
Cracmol-e Rusard | Mrs Figg
80%
Centaure Firenze | Bane | Magorian | Ronan
73%
Vélane Fleur Delacour | Gabrielle Delacour
73%
Gobelin Gripsec | Bogrod | Gornuk | Ragnok
67%
Géant-e Graup | Fridluva | Karkus | Golgomath
65%
Métamorphomage Tonks | Teddy Lupin
65%
Aucun quiz correspondant
Distribution des résultats
% des personnes avec chaque résultat
Percentile par nombre de réponses
Votre historique - résultats
Vous n’avez pas pris ce quiz